Para decir al otro: literatura y antropología en nuestra América

שמור ב:
מידע ביבליוגרפי
מחבר ראשי: López-Baralt, Mercedes (autora)
פורמט: ספר
שפה:ספרדית
יצא לאור: Madrid Iberoamericana 2005
מהדורה:1a. ed
נושאים:
תגים: הוספת תג
אין תגיות, היה/י הראשונ/ה לתייג את הרשומה!

MARC

LEADER 00000cam a2200000 a 4500
001 UCC2563
003 CL-VaPUC
008 180309e20050000sp |||||||||||||||||spa|d
020 |a 9788484891291 
082 0 4 |a 863.9  |b LOP  |2 21 
100 |a López-Baralt, Mercedes  |e autora  |9 596620 
245 1 0 |a Para decir al otro: literatura y antropología en nuestra América 
250 |a 1a. ed 
300 |a 505 p 
942 |c BK 
945 |d 20180309 22:06:00  |a arojas 
260 |a Madrid  |b Iberoamericana  |c 2005 
650 0 |a Literatura latinoamericana  |9 309997 
650 0 |a Crítica e interpretación   |9 255042 
650 0 |a Narrativa  |9 336727 
651 0 |a América Latina   |9 255027 
583 |a last modification  |c 20180309 22:06:00  |k Rodrigo Vera 
999 |c 370630  |d 370628 
952 |0 0  |1 0  |3 erb  |4 0  |6 863_900000000000000_LOP_2005  |7 0  |8 A  |9 487182  |a BIBEDU  |b BIBEDU  |i 5452686  |o 863.9 LOP 2005  |p 5452686  |r 2019-11-24  |w 2019-11-24  |y BK  |z Catalogado en:20180309  |k LIT